1937 1976 1604 1119 1860 1646 1324 1846 1327 1485 1200 1393 1116 1068 1117 1691 1303 1812 1378 1671 1780 1321 1640 1484 1325 1011 1438 1822 1473 1843 1520 1643 1200 1731 1385 1817 1718 1268 1303 1325 1723 1155 1742 1714 1866 1805 1091 1208 1903 1871 1340 1452 1825 1416 1474 1756 1077 1356 1887 1034 1628 1138 1288 1010 1285 1479 1569 1684 1652 1521 1841 1322 1187 1739 1749 1828 1613 1095 1312 1092 1988 1223 1502 1949 1007 1280 1746 1767 1280 1008 1279 1405 1802 1794 1607 1712 1457 1149 1844 BCNSPRNW ULIB Ver.6.0+V

เปลี่ยนเป็นภาษาไทย

Change to English
 แสดงรายละเอียดบรรณานุกรม
  กลับหน้าหลัก

Brief Record : Get Marc (ISO 2709) : E-mail record : QR code < ปิดหน้าต่าง
LEADER : 00000nam 2200000uu 4500
001    13399114474
003     ULIB
008    120404s2552||||th 000 0 tha d
020    ^a9786165350112
090    ^aนว.^bอ113ส 2552
100 0  ^aองค์หญิงยิ้มหวาน
245 00 ^aDangerous Guy สัญญาณรักอันตรายนายวายร้ายมาดนิ่ง/^cองค์หญิงยิ้มหวาน
250    ^aพิมพ์ครั้งที่ 1
260    ^aกรุงเทพฯ :^bSugar Rain,^c2552
300    ^a240 หน้า
710 1  ^aSugar Rain
945    ^p159^l0^i16305
995    ^aกัณชพร
999    ^aใช้งานได้ทุกระบบ
รายการนี้ยังไม่มีแท็ก
คุณยังไม่ได้ล็อกอิน คุณสามารถมีกิจกรรมร่วมกับเว็บไซต์ได้ แต่ต้องล็อกอินก่อน ::
  ล็อกอิน

รายการสื่อสารสนเทศ

ลำดับที่ ประเภท เลขเรียก/บาร์โค้ด สถานที่ สถานะ
1. นวนิยาย
นวนิยาย
นว. อ113ส 2552  
  Barcode: 16305
ห้องสมุดวิทยาเขตสวรรค์ประชารักษ์
►นวนิยาย
บนชั้น
  ขอยืม

BibComment


ยังไม่เคยถูกคอมเมนท์

คอมเมนท์ทรัพยากรรายการนี้
  คอมเมนท์: Dangerous Guy สั..


 Copyright 2026. Bcnsprnw @Library